Chet rides home / (Record no. 14027)

000 -LEADER
fixed length control field 00566nam a2200181 4500
020 ## - ISBN
ISBN 9781338262711
082 ## - DEWEY DECIMAL CLASSIFICATION NUMBER
Classification number Fic. R6846c 2018
100 ## - MAIN ENTRY--PERSONAL NAME
Personal name Rothman, Cynthia
245 ## - TITLE STATEMENT
Title Chet rides home /
Statement of responsibility, etc. by Cynthia Rothman ; illustrated by Louise Gardner
260 ## - PUBLICATION, DISTRIBUTION, ETC. (IMPRINT)
Place of publication, distribution, etc. New York
Name of publisher, distributor, etc. Scholastic
Date of publication, distribution, etc. c2018
300 ## - PHYSICAL DESCRIPTION
Extent/Page number 16 pages :
Other physical details chiefly color illustration ;
Dimensions 20.8 x 17.6 cm
504 ## - BIBLIOGRAPHY, ETC. NOTE
Bibliography, etc Lexile measure: BR80L
526 ## - STUDY PROGRAM INFORMATION NOTE
PROGRAM TYPE FICTION
650 ## - SUBJECT ADDED ENTRY--TOPICAL TERM
Topical term or geographic name as entry element Animals -- Juvenile fiction
650 ## - SUBJECT ADDED ENTRY--TOPICAL TERM
Topical term or geographic name as entry element Readers (Elementary)
650 ## - SUBJECT ADDED ENTRY--TOPICAL TERM
Topical term or geographic name as entry element Children's stories, English
942 ## - ADDED ENTRY ELEMENTS
Classification
Item type Book
Holdings
Withdrawn status Lost status Source of classification or shelving scheme Damaged status Not for loan Collection code Permanent Location Current Location Shelving location Date acquired Source of acquisition Cost, normal purchase price Full call number Barcode Date last seen Copy number Cost, replacement price Price effective from Item type
          DEAR Grade School Library Grade School Library DEAR 2026-02-18 Scholastic 200.00 Fic. R6846c 2018 c1 GS5450 2026-02-18 1 400.00 2026-02-18 Book
          DEAR Grade School Library Grade School Library DEAR 2026-02-18 Scholastic 200.00 Fic. R6846c 2018 c2 GS5449 2026-02-18 2 400.00 2026-02-18 Book